000 00913nam a2200265 c 4500
003 BLK
005 20180413122544.0
008 180408b bul|||||r ||||||| ||bul||
010 _aKNG00053235000
020 _a3-411-04034-3
_bиздат.: Dudenverlag
040 _aBLK
041 _aDEU
_cDEU
080 _aНемски език (високонемски, стандартен писмен)
_b811.112.2
_x-321.19(038.1)
_z811.112.2-321.19(038.1)
139 _aDUDEN
_b
245 1 0 _aDUDEN
_bBd. 1-12
_nBd. 3
_pBildworterbuch der deutschen Sprache
260 Mannheim et al.
_bDudenverlag
_c1985
300 _c19 cm
380 _a80
760 1 _d4. neu be
_h384. 111 c. : с ил. : с ил. ; 19 cm
_tBd. 3 Bildworterbuch der deutschen Sprache
852 _aЦб 187089
856 4 _qpdf
_u
856 4 _qpdf
_u
942 _cKNG
_n0
944 _aCR
_c01.01.1999
_kAB_DOS
944 _aED
_c07.02.2017
_kЛили_Борисова
999 _c49385
_d49385